Historia de las democracias populares 1953-1970
Uloženo v:
| Hlavní autor: | |
|---|---|
| Médium: | Kniha |
| Jazyk: | španělština |
| Vydáno: |
Barcelona
Martínez Roca
1971
|
| Témata: | |
| Tagy: |
Přidat tag
Žádné tagy, Buďte první, kdo vytvoří štítek k tomuto záznamu!
|
MARC
| LEADER | 00000nam a2200000 a 4500 | ||
|---|---|---|---|
| 001 | UCS6229 | ||
| 003 | CL-VaPUC | ||
| 008 | 970917e19710000SP |||||||||||||||||spa|d | ||
| 082 | 0 | 4 | |a 321.8 |b FEJ |2 21 |
| 100 | 0 | |a Fejto, Francois |e author |9 391797 | |
| 245 | 1 | 0 | |a Historia de las democracias populares 1953-1970 |
| 300 | |a 2 v | ||
| 942 | |c BK | ||
| 945 | |d 19970917 00:00:00 |a rleighto | ||
| 260 | |a Barcelona |b Martínez Roca |c 1971 | ||
| 500 | |a v.1: Los acontecimientos | ||
| 500 | |a v.2: Estructuras y tendencias | ||
| 650 | 0 | |a Historia |9 255047 | |
| 650 | 0 | |a Democracia |9 255256 | |
| 650 | 7 | |a COMUNISMO5IDEOLOGIAS POLITICAS |2 CL-VaPUC |9 391798 | |
| 650 | 7 | |a MATERIALISMO HISTORICO |2 CL-VaPUC |9 257920 | |
| 650 | 0 | |a Gestión económica |9 391799 | |
| 650 | 0 | |a Estructuras sociales |9 367188 | |
| 583 | |a last modification |c 19970917 00:00:00 |k Rodrigo Vera | ||
| 999 | |c 262177 |d 262175 | ||
| 952 | |0 0 |1 0 |4 0 |6 321_800000000000000_FEJ_1971 |7 0 |8 A |9 290400 |a BIBHIS |b BIBHIS |d 2019-11-19 |h v.1 |i 3350908 |o 321.8 FEJ 1971 |p 3350908 |r 2025-01-20 |w 2019-11-19 |y BK |k HIS | ||
| 952 | |0 0 |1 0 |4 0 |6 321_800000000000000_FEJ_1971 |7 0 |8 A |9 290401 |a BIBHIS |b BIBHIS |d 2019-11-19 |h v.2 |i 3350916 |o 321.8 FEJ 1971 |p 3350916 |r 2025-01-20 |w 2019-11-19 |y BK |k HIS | ||